Sonda do histórie malej obce v Novohrade

Bibliographic Details
Main Author: Zdycha, Pavel, 1941- (Author)
Format: Article
Language:Slovak
ISSN:1336-300X
Subjects:

MARC

LEADER 00000nab a2200000 ar4500
001 vtls009449954
003 SK-MaSNL
005 20260304233813.0
008 081127c2004 xo |||||||||||000 b|slo
015 |a SNBRB2008/11  |2 snkbucl 
038 |a SNKBUCL 
040 |a SNKBUCL  |b slo  |c SNKBUCL  |e AACR2 
041 1 |a slo  |b eng 
044 |a xo  |c SK 
080 |a 316.334.55  |x (091)  |x (437.6)  |2 1997 
080 |a 94(437.6)  |2 1997 
080 |a 316.728  |x (091)  |x (437.6)  |2 1997 
080 |a 911.373  |x (091)  |x (437.6)  |2 1997 
080 |a 504.75  |x (437.6)  |2 1997 
100 1 |a Zdycha, Pavel,  |d 1941-  |4 aut  |9 103734 
245 1 0 |a Sonda do histórie malej obce v Novohrade  |c Pavel Zdycha 
504 |a Bibliogr. odkazy 
546 |a Res. angl. 
650 0 7 |a vidiek  |2 snkbucl  |9 3814 
650 0 7 |a krajina  |2 snkbucl  |9 15725 
650 0 7 |a využívanie krajiny  |2 snkbucl  |9 186151 
650 0 7 |a životný štýl  |2 snkbucl  |9 1704 
651 7 |a Dolný Tisovník (Horný Tisovník, Slovensko)  |2 snkbucl  |9 109977 
651 7 |a Detva (Slovensko : okres)  |2 snkbucl  |9 51839 
773 0 |t Acta Facultatis Ecologiae : journal of Faculty of Ecology and Environmental Sciences Technical University in Zvolen  |g Vol. 12, 2004, s. 97-101  |x 1336-300X 
852 |a SNK  |b KIS3GCP 
958 |a NB 
958 |a SK 
999 |c 3200316  |d 3202246